| 000 | 00385 a2200169 4500 | ||
|---|---|---|---|
| 001 | 184937 | ||
| 020 | _a85-262-2869-2 | ||
| 040 | _cMagnum | ||
| 100 | _aLima, Edy | ||
| 240 | 1 | 0 |
_aPátria adorada entre outras mil _lpor |
| 245 | 1 | 0 | _aPátria adorada entre outras mil |
| 300 | _a23 | ||
| 362 | 0 | _a1996 | |
| 440 | 1 | _aScipione | |
| 697 | _aLITERATURA INFANTO-JUVENIL | ||
| 942 | _cBK | ||
| 999 |
_c184937 _d184937 |
||